[Event "Saratov Region-ch"]
[Site "Saratov"]
[Date "2016.12.23"]
[Round "9"]
[White "Protopopova, Anastasiya"]
[Black "Aseeva, Anastasia"]
[Result "0-1"]
[WhiteElo "2140"]
[BlackElo "1992"]
[PlyCount "68"]
[EventDate "2016.12.15"]
[EventType "swiss"]
[EventRounds "9"]
[EventCountry "RUS"]
[SourceTitle "EXT 2018"]
[Source "ChessBase"]
[SourceDate "2017.10.13"]
[SourceVersion "1"]
[SourceVersionDate "2017.10.13"]
[SourceQuality "1"]

1. d4 Nf6 2. c4 e6 3. g3 Bb4+ 4. Nd2 d5 5. Ngf3 0-0 6. Bg2 b6 7. 0-0 Bb7 8. Ne5 Be7 9. Qa4 c5 10. dxc5 Bxc5 11. cxd5 exd5 12. Ndf3 Nbd7 13. Nd3 Bd6 14. b4 Re8 15. Nd4 Ne5 16. Bb2 Ne4 17. Nf5 Bc7 18. Nxg7 Kxg7 19. f4 d4 20. Nxe5 b5 21. Qxb5 Bb6 22. Qd3 Qd5 23. Nf3 Nc3 24. Rf2 Re3 25. Qd2 Rae8 26. Ne5 Ne4 27. Qe1 Qd6 28. Bxe4 Rxe4 29. Rd1 f6 30. Nd3 Qd5 31. Rg2 Rxe2 32. Qxe2 Rxe2 33. Rxe2 Qh1+ 34. Kf2 Qxd1 0-1

[Event "Saratov Region-ch"]
[Site "Saratov"]
[Date "2016.12.17"]
[Round "3"]
[White "Iljushina, Olga"]
[Black "Aseeva, Anastasia"]
[Result "1/2-1/2"]
[WhiteElo "2248"]
[BlackElo "1992"]
[PlyCount "104"]
[EventDate "2016.12.15"]
[EventType "swiss"]
[EventRounds "9"]
[EventCountry "RUS"]
[SourceTitle "EXT 2018"]
[Source "ChessBase"]
[SourceDate "2017.10.13"]
[SourceVersion "1"]
[SourceVersionDate "2017.10.13"]
[SourceQuality "1"]

1. d4 d5 2. c4 c6 3. Nf3 Nf6 4. Nc3 a6 5. cxd5 cxd5 6. Bf4 g6 7. e3 Bg7 8. h3 0-0 9. Bd3 Nc6 10. Rc1 Bf5 11. Bxf5 gxf5 12. g4 fxg4 13. hxg4 Ne4 14. Nxe4 dxe4 15. Ng5 Qa5+ 16. Qd2 Nb4 17. 0-0 Qb6 18. Nxe4 Nd5 19. Bg3 Qg6 20. f3 f5 21. Nc3 Nf6 22. Be5 fxg4 23. f4 h5 24. Qc2 Qxc2 25. Rxc2 g3 26. Kg2 Ng4 27. Re1 h4 28. Kh3 Bxe5 29. Kxg4 Bf6 30. Nd5 Kf7 31. Nxf6 Kxf6 32. Kxh4 Rg8 33. Kh3 Rg7 34. Kg2 Rh8 35. Rh1 Rxh1 36. Kxh1 Kf5 37. Kg2 Ke4 38. Rc3 a5 39. Rb3 b6 40. f5 a4 41. Rxb6 Kxf5 42. Ra6 Ke4 43. Rxa4 Kxe3 44. d5 Rg5 45. Ra3+ Kd4 46. Rxg3 Rxd5 47. Kf2 Rc5 48. Ke1 Rc2 49. Rb3 e5 50. Kd1 Rh2 51. Rb4+ Kd3 52. Rb3+ Kd4 1/2-1/2

[Event "Saratov region-ch w"]
[Site "Saratov"]
[Date "2016.12.03"]
[Round "3.2"]
[White "Aseeva, Anastasia"]
[Black "Golovchanskaya, Alina"]
[Result "1-0"]
[WhiteElo "1992"]
[BlackElo "1660"]
[PlyCount "33"]
[EventDate "2016.12.01"]
[EventType "swiss"]
[EventRounds "7"]
[EventCountry "RUS"]
[SourceTitle "EXT 2022"]
[Source "ChessBase"]
[SourceDate "2021.10.06"]
[SourceVersion "1"]
[SourceVersionDate "2021.10.06"]
[SourceQuality "1"]

1. d4 Nf6 2. c4 d5 3. cxd5 Qxd5 4. Nc3 Qa5 5. g3 Bf5 6. Bg2 c6 7. Qb3 Be4 8. Nf3 Nbd7 9. 0-0 Bxf3 10. Bxf3 Qc7 11. Bf4 e5 12. dxe5 Nxe5 13. Bxe5 Qxe5 14. Qxb7 Rd8 15. Bxc6+ Nd7 16. Rfd1 Qe6 17. Nb5 1-0

[Event "Saratov region-ch w"]
[Site "Saratov"]
[Date "2016.12.02"]
[Round "2.2"]
[White "Fedorova, Tatiana"]
[Black "Aseeva, Anastasia"]
[Result "0-1"]
[WhiteElo "1904"]
[BlackElo "1992"]
[PlyCount "132"]
[EventDate "2016.12.01"]
[EventType "swiss"]
[EventRounds "7"]
[EventCountry "RUS"]
[SourceTitle "EXT 2022"]
[Source "ChessBase"]
[SourceDate "2021.10.06"]
[SourceVersion "1"]
[SourceVersionDate "2021.10.06"]
[SourceQuality "1"]

1. c4 c5 2. Nc3 Nc6 3. g3 g6 4. Bg2 Bg7 5. e4 e6 6. Nge2 Nge7 7. 0-0 0-0 8. d3 b6 9. Be3 Nd4 10. e5 Ndc6 11. f4 Rb8 12. d4 Nf5 13. Bf2 cxd4 14. Nb5 Ba6 15. Qa4 d3 16. Qxa6 dxe2 17. Rfe1 Nb4 18. Qa4 Nd3 19. Rxe2 Nxf2 20. Rxf2 a5 21. g4 Ne3 22. g5 Nxg2 23. Kxg2 Bxe5 24. fxe5 Qxg5+ 25. Kh1 Qxe5 26. Nc3 Rbc8 27. Qxd7 Rxc4 28. Raf1 Rc7 29. Qd3 Kg7 30. Re2 Qc5 31. Qf3 Qc6 32. Ne4 f6 33. h4 e5 34. Kh2 f5 35. Qf2 Re8 36. Ng3 Rf7 37. Rg1 Qa4 38. h5 f4 39. Ne4 f3 40. Nd6 Qf4+ 41. Rg3 fxe2 42. Nxe8+ Kf8 43. Qxe2 Kxe8 44. Qb5+ Ke7 45. Qxb6 Qf2+ 46. Qxf2 Rxf2+ 47. Kh3 gxh5 48. Ra3 Rxb2 49. Rxa5 Kf6 50. a4 Ra2 51. Ra7 h6 52. a5 e4 53. a6 e3 54. Ra8 Kf7 55. Kg3 h4+ 56. Kf3 h3 57. Rb8 h2 58. Rb1 Kf6 59. Kxe3 Kg5 60. Kf3 Kh4 61. a7 Kh3 62. Kf4 Rxa7 63. Rb3+ Kh4 64. Rb6 Rf7+ 65. Ke3 Rf5 66. Rb1 Kg3 0-1

[Event "Saratov Regional-ch"]
[Site "Saratov"]
[Date "2015.12.10"]
[Round "5"]
[White "Aseeva, Anastasia"]
[Black "Kavyev, Ruslan"]
[Result "0-1"]
[WhiteElo "2005"]
[BlackElo "2007"]
[PlyCount "102"]
[EventDate "2015.12.05"]
[EventType "swiss"]
[EventRounds "9"]
[EventCountry "RUS"]
[SourceTitle "EXT 2017"]
[Source "ChessBase"]
[SourceDate "2016.10.25"]
[SourceVersion "1"]
[SourceVersionDate "2016.10.25"]
[SourceQuality "1"]

1. d4 Nf6 2. c4 g6 3. Nc3 d5 4. Bf4 Bg7 5. Nf3 0-0 6. cxd5 Nxd5 7. Nxd5 Qxd5 8. Bxc7 Na6 9. Bf4 Bf5 10. a3 Rac8 11. e3 Rc2 12. b4 Qc6 13. Be2 Qc3+ 14. Kf1 Rc8 15. b5 Rxe2 16. Kxe2 Qb2+ 17. Kf1 Rc2 18. Bg3 Nc7 19. Ne1 Rc3 20. b6 axb6 21. h3 Nd5 22. Kg1 Bh6 23. Kh2 Be4 24. Nf3 Nxe3 25. fxe3 Rc2 26. Rg1 Bxe3 27. Kh1 Bxg1 28. Qxg1 Rxg2 29. Qxg2 Qxa1+ 30. Kh2 Qxa3 31. Bc7 Qxf3 32. Qxf3 Bxf3 33. Bxb6 Kf8 34. Kg3 Bd5 35. Kf4 Ke8 36. h4 Kd7 37. Ke5 Bf3 38. Kf4 Bc6 39. Ke5 Bg2 40. Bc5 b5 41. Bb4 h6 42. d5 f6+ 43. Kd4 g5 44. hxg5 fxg5 45. Ke5 h5 46. Bd2 h4 47. Bxg5 h3 48. Bf4 b4 49. Kd4 b3 50. Kc3 Bxd5 51. Bg3 Ke6 0-1

[Event "Saratov Regional-ch"]
[Site "Saratov"]
[Date "2015.12.08"]
[Round "4"]
[White "Gagarkine, Nikolay"]
[Black "Aseeva, Anastasia"]
[Result "1/2-1/2"]
[WhiteElo "1781"]
[BlackElo "2005"]
[PlyCount "101"]
[EventDate "2015.12.05"]
[EventType "swiss"]
[EventRounds "9"]
[EventCountry "RUS"]
[SourceTitle "EXT 2017"]
[Source "ChessBase"]
[SourceDate "2016.10.25"]
[SourceVersion "1"]
[SourceVersionDate "2016.10.25"]
[SourceQuality "1"]

1. d4 Nf6 2. Nf3 e6 3. g3 b5 4. Bg2 d5 5. 0-0 Nbd7 6. a4 b4 7. c4 bxc3 8. bxc3 Be7 9. Ba3 c5 10. c4 0-0 11. cxd5 exd5 12. dxc5 Bxc5 13. Bxc5 Nxc5 14. Nc3 Nce4 15. Nxe4 dxe4 16. Qxd8 Rxd8 17. Rfd1 Ba6 18. Nd4 g6 19. e3 Kg7 20. Rdc1 Rd7 21. Nb3 Re7 22. Nc5 Bc8 23. h3 h5 24. Rab1 Bf5 25. Nb3 Rb8 26. Nd4 Rxb1 27. Nxf5+ gxf5 28. Rxb1 Rc7 29. Rb5 Kg6 30. Ra5 Nd7 31. g4 hxg4 32. hxg4 fxg4 33. Bxe4+ Kf6 34. Rf5+ Ke7 35. a5 f6 36. Kg2 Rc4 37. Bd3 Rc3 38. Be2 Ra3 39. Bxg4 Ne5 40. Be2 Rxa5 41. f4 Nc6 42. Rxa5 Nxa5 43. e4 Nc6 44. Kg3 a5 45. Bb5 Nd4 46. Ba4 Ne2+ 47. Kg4 Nc3 48. Bc2 a4 49. Bxa4 Nxa4 50. e5 fxe5 51. fxe5 1/2-1/2

[Event "Saratov Region-ch (Women)"]
[Site "Saratov"]
[Date "2015.11.28"]
[Round "8.4"]
[White "Aseeva, Anastasia"]
[Black "Kocheryagina, Polina"]
[Result "1-0"]
[WhiteElo "1986"]
[BlackElo "1574"]
[PlyCount "111"]
[EventDate "2015.11.21"]
[EventType "swiss"]
[EventRounds "9"]
[EventCountry "RUS"]
[SourceTitle "EXT 2022"]
[Source "ChessBase"]
[SourceDate "2021.10.06"]
[SourceVersion "1"]
[SourceVersionDate "2021.10.06"]
[SourceQuality "1"]

1. Nf3 Nf6 2. d4 g6 3. c4 Bg7 4. Nc3 0-0 5. e4 d6 6. h3 Nbd7 7. Be3 e5 8. d5 b6 9. Be2 Nc5 10. Qc2 Ne8 11. g4 Nf6 12. 0-0-0 Bd7 13. Rdg1 Qc8 14. Nh2 Qa6 15. h4 Na4 16. c5 b5 17. Nxa4 Qxa4 18. Qxa4 bxa4 19. c6 Bc8 20. f3 a5 21. Nf1 h5 22. gxh5 Nxh5 23. Ng3 Nf4 24. h5 Bh6 25. Kd1 Nxe2 26. Kxe2 Bxe3 27. Kxe3 g5 28. Nf5 f6 29. Ng3 Rb8 30. Rh2 Kh7 31. Rc2 Ba6 32. Kd2 Rb4 33. Kc1 Rfb8 34. Rgg2 a3 35. bxa3 Rb1+ 36. Kd2 R8b2 37. Kc3 Rxc2+ 38. Kxc2 Re1 39. Rf2 Re3 40. Kc1 Rc3+ 41. Kb2 Re3 42. h6 Kg6 43. Kc1 Rc3+ 44. Kb1 g4 45. Nf5 Rxf3 46. Nh4+ Kxh6 47. Nxf3 Bd3+ 48. Kc1 g3 49. Rg2 Bxe4 50. Rxg3 Bxd5 51. Nh4 Bxc6 52. Nf5+ Kh5 53. Rg7 Bd5 54. Rxc7 Kg5 55. Nxd6 Be6 56. Rc5 1-0

[Event "Saratov Region-ch (Women)"]
[Site "Saratov"]
[Date "2015.11.26"]
[Round "6.2"]
[White "Aseeva, Anastasia"]
[Black "Iljushina, Olga"]
[Result "0-1"]
[WhiteElo "1986"]
[BlackElo "2273"]
[PlyCount "110"]
[EventDate "2015.11.21"]
[EventType "swiss"]
[EventRounds "9"]
[EventCountry "RUS"]
[SourceTitle "EXT 2022"]
[Source "ChessBase"]
[SourceDate "2021.10.06"]
[SourceVersion "1"]
[SourceVersionDate "2021.10.06"]
[SourceQuality "1"]

1. d4 Nf6 2. Nf3 e6 3. g3 b5 4. Bg2 Bb7 5. 0-0 Be7 6. b3 0-0 7. c4 bxc4 8. bxc4 c5 9. Qb3 Qc8 10. Ba3 Nc6 11. e3 Rb8 12. Qa4 Qc7 13. Nbd2 cxd4 14. exd4 Bxa3 15. Qxa3 Rfc8 16. Rfc1 Qa5 17. Qxa5 Nxa5 18. Rab1 Ba6 19. c5 Nc6 20. Rb3 Rxb3 21. axb3 Kf8 22. Ra1 Be2 23. Re1 Bxf3 24. Nxf3 Rb8 25. Re3 Rb4 26. Rd3 Ke7 27. Kf1 Na5 28. Nd2 d5 29. Ke2 Ne8 30. f4 Nc7 31. Ke3 Nb5 32. f5 Na3 33. Rc3 e5 34. Nf3 Nb5 35. Rc1 Rxb3+ 36. Kf2 Rb2+ 37. Kg1 e4 38. Re1 Kf6 39. Ne5 Nxd4 40. Ng4+ Kxf5 41. Ne3+ Ke6 42. Bh3+ f5 43. Bg2 Nab3 44. c6 Nxc6 45. Rd1 d4 46. Nc4 Rc2 47. Na3 Rc1 48. Rxc1 Nxc1 49. Kf2 e3+ 50. Ke1 Nb4 51. Kd1 e2+ 52. Kd2 d3 53. Bf3 Nb3+ 54. Ke1 Nc2+ 55. Nxc2 dxc2 0-1

[Event "Chigorin Memorial 23rd"]
[Site "St Petersburg"]
[Date "2015.10.05"]
[Round "3"]
[White "Chekletsova, Darya"]
[Black "Aseeva, Anastasia"]
[Result "0-1"]
[WhiteElo "1495"]
[BlackElo "2015"]
[PlyCount "110"]
[EventDate "2015.10.03"]
[EventType "swiss"]
[EventRounds "9"]
[EventCountry "RUS"]
[SourceTitle "CBM 168 Extra"]
[Source "ChessBase"]
[SourceDate "2015.10.29"]
[SourceVersion "1"]
[SourceVersionDate "2015.10.29"]
[SourceQuality "1"]

1. e4 c5 2. c3 d6 3. d4 cxd4 4. cxd4 g6 5. Nc3 Bg7 6. Nf3 Nf6 7. Bc4 0-0 8. Qb3 Nc6 9. Qd1 a6 10. Be3 b5 11. Bd3 Ng4 12. h3 Nxe3 13. fxe3 Na5 14. Qe2 Bb7 15. Rc1 Rc8 16. 0-0 Nc6 17. a3 Bh6 18. g4 e5 19. d5 Na5 20. h4 Nc4 21. Bxc4 Rxc4 22. g5 Bg7 23. Nd2 Rc7 24. Rf2 f6 25. Nf3 Rcf7 26. Rcf1 Bc8 27. Kh2 Bg4 28. Qe1 Bxf3 29. Rxf3 fxg5 30. Rxf7 Rxf7 31. Rxf7 Kxf7 32. hxg5 Qxg5 33. Nd1 Bf6 34. Qa5 Qh5+ 35. Kg2 Qxd1 36. Qc7+ Be7 37. Qd7 Qe2+ 38. Kg1 Qxe3+ 39. Kh2 Qf4+ 40. Kg1 Qc1+ 41. Kg2 Qxb2+ 42. Kh1 Qc1+ 43. Kg2 Qd2+ 44. Kh1 Qe1+ 45. Kh2 Qh4+ 46. Kg1 Qg3+ 47. Kh1 Qf3+ 48. Kg1 Qxe4 49. Qe6+ Kf8 50. Qc8+ Kg7 51. Qd7 Qh4 52. Kg2 Qf6 53. Qc7 e4 54. Qc1 Qg5+ 55. Qxg5 Bxg5 0-1

[Event "Moscow op-B (Women)"]
[Site "Moscow"]
[Date "2015.02.07"]
[Round "8"]
[White "Aseeva, Anastasia"]
[Black "Semenova, Elena"]
[Result "1/2-1/2"]
[WhiteElo "1992"]
[BlackElo "2206"]
[PlyCount "123"]
[EventDate "2015.01.31"]
[EventType "swiss"]
[EventRounds "9"]
[EventCountry "RUS"]
[SourceTitle "CBM 164 Extra"]
[Source "ChessBase"]
[SourceDate "2015.03.02"]
[SourceVersion "1"]
[SourceVersionDate "2015.03.02"]
[SourceQuality "1"]

1. d4 f5 2. c4 Nf6 3. Nc3 g6 4. g3 Bg7 5. Bg2 0-0 6. Nf3 d6 7. d5 c6 8. 0-0 e5 9. dxe6 Bxe6 10. Qd3 Na6 11. Ng5 Bc8 12. Rd1 h6 13. Nf3 Be6 14. Bf4 d5 15. cxd5 Nxd5 16. Nxd5 Bxd5 17. Qc2 Qe7 18. Nd4 Rad8 19. Nb3 Bxg2 20. Kxg2 Kh7 21. Be3 Nb4 22. Qc5 Qe4+ 23. f3 Qe6 24. Bf2 Nd5 25. Nd4 Ne3+ 26. Kg1 Bxd4 27. Rxd4 Rxd4 28. Qxd4 Nd5 29. Qxa7 Rf7 30. Re1 f4 31. g4 Nb4 32. Qa4 Nd5 33. Bd4 Re7 34. Qa8 g5 35. Qa3 Qg6 36. Qb3 Qe6 37. Bc5 Rf7 38. a3 Qg6 39. Rc1 Kg8 40. Qc2 Qe6 41. Qc4 h5 42. gxh5 Rh7 43. Qe4 Rh6 44. Qxe6+ Rxe6 45. Kf2 Kh7 46. h4 gxh4 47. Rh1 b6 48. Bb4 Nxb4 49. axb4 Rd6 50. Rxh4 Rd4 51. Rh1 Rxb4 52. Rd1 c5 53. Rd2 Kh6 54. e3 fxe3+ 55. Kxe3 Kxh5 56. Rg2 Kh4 57. f4 Kh3 58. Rd2 Kg4 59. Rg2+ Kf5 60. Rg5+ Kf6 61. Rg2 Kf5 62. Rg5+ 1/2-1/2

[Event "Moscow op-B (Women)"]
[Site "Moscow"]
[Date "2015.02.01"]
[Round "2"]
[White "Aseeva, Anastasia"]
[Black "Vinokur, Yuliya"]
[Result "1-0"]
[WhiteElo "1992"]
[BlackElo "1796"]
[PlyCount "55"]
[EventDate "2015.01.31"]
[EventType "swiss"]
[EventRounds "9"]
[EventCountry "RUS"]
[SourceTitle "CBM 164 Extra"]
[Source "ChessBase"]
[SourceDate "2015.03.02"]
[SourceVersion "1"]
[SourceVersionDate "2015.03.02"]
[SourceQuality "1"]

1. d4 Nf6 2. c4 c5 3. d5 e6 4. Nc3 exd5 5. cxd5 d6 6. h3 g6 7. Nf3 Bg7 8. e4 0-0 9. Bd3 b5 10. a3 a6 11. 0-0 Re8 12. Re1 Nbd7 13. Bf4 Qb6 14. Rc1 Nh5 15. Be3 Ne5 16. Nxe5 Bxe5 17. Qd2 Bg7 18. b4 Bb7 19. a4 Bxc3 20. Qxc3 cxb4 21. Qxb4 Qd8 22. axb5 axb5 23. Bxb5 Rf8 24. Be2 Rb8 25. Bxh5 gxh5 26. Bh6 Qf6 27. Bxf8 Kxf8 28. Rc7 1-0

[Event "Saratov Regional-ch"]
[Site "Saratov"]
[Date "2014.12.13"]
[Round "8"]
[White "Aseeva, Anastasia"]
[Black "Kavyev, Ruslan"]
[Result "1-0"]
[WhiteElo "1983"]
[BlackElo "1854"]
[PlyCount "209"]
[EventDate "2014.12.06"]
[EventType "swiss"]
[EventRounds "9"]
[EventCountry "RUS"]
[SourceTitle "CBM 164 Extra"]
[Source "ChessBase"]
[SourceDate "2015.03.02"]
[SourceVersion "1"]
[SourceVersionDate "2015.03.02"]
[SourceQuality "1"]

1. d4 Nf6 2. c4 c5 3. d5 b5 4. cxb5 a6 5. bxa6 g6 6. Nc3 Bxa6 7. g3 d6 8. Bg2 Bg7 9. Nf3 Nbd7 10. 0-0 Nb6 11. Re1 0-0 12. e4 Nfd7 13. Qc2 Nc4 14. Rd1 Qb6 15. Rb1 Rfb8 16. b3 Qb4 17. bxc4 Qxc3 18. Qxc3 Bxc3 19. Bg5 f6 20. Bd2 Bb2 21. Bf1 Bc8 22. Bc1 Rxa2 23. Rd2 Bxc1 24. Rxb8 Bxd2 25. Rxc8+ Kf7 26. Bh3 Nf8 27. Nxd2 Rxd2 28. f4 Rd4 29. e5 fxe5 30. fxe5 dxe5 31. Rxc5 g5 32. Rc7 g4 33. Bg2 e4 34. Kf2 Rd2+ 35. Kf1 e3 36. Be4 Ng6 37. d6 Rxd6 38. Ke2 Rd2+ 39. Kxe3 Rxh2 40. c5 Ne5 41. Ra7 h5 42. c6 Nxc6 43. Bxc6 h4 44. gxh4 Rxh4 45. Kf4 Kf6 46. Kg3 Rh3+ 47. Kxg4 Rc3 48. Be4 e6 49. Ra5 Rc1 50. Rh5 Rg1+ 51. Kf4 Rf1+ 52. Bf3 e5+ 53. Kg3 Rg1+ 54. Kf2 Rg5 55. Rh8 Rg7 56. Ke3 Ra7 57. Rf8+ Ke6 58. Bg4+ Kd6 59. Rf6+ Kd5 60. Bf3+ Kc5 61. Rc6+ Kb5 62. Re6 Ra1 63. Rxe5+ Kb4 64. Be2 Ra3+ 65. Kd4 Ra5 66. Re8 Kb3 67. Re3+ Kc2 68. Bc4 Kd1 69. Re2 Rh5 70. Rg2 Rh4+ 71. Kc3 Rh3+ 72. Bd3 Re3 73. Ra2 Ke1 74. Kd4 Re8 75. Be4 Kd1 76. Ke3 Kc1 77. Rc2+ Kd1 78. Rb2 Rc8 79. Rb1+ Rc1 80. Rb2 Rc8 81. Rh2 Kc1 82. Ra2 Rc7 83. Ra1+ Kb2 84. Rb1+ Ka3 85. Bd5 Ka4 86. Kd4 Ka5 87. Bc4 Rh7 88. Rb8 Rd7+ 89. Bd5 Ka6 90. Kc5 Rg7 91. Ra8+ Ra7 92. Rh8 Rc7+ 93. Bc6 Rg7 94. Ra8+ Ra7 95. Rb8 Rg7 96. Rb2 Rg5+ 97. Bd5 Ka7 98. Rb7+ Ka6 99. Rb6+ Ka7 100. Rb1 Rh5 101. Ra1+ Kb8 102. Rb1+ Kc8 103. Kd6 Rh6+ 104. Be6+ Kd8 105. Rb8# 1-0

[Event "Saratov Regional-ch"]
[Site "Saratov"]
[Date "2014.12.11"]
[Round "6"]
[White "Aseeva, Anastasia"]
[Black "Vdovin, Sergey Anatolievich"]
[Result "1-0"]
[WhiteElo "1983"]
[BlackElo "1792"]
[PlyCount "165"]
[EventDate "2014.12.06"]
[EventType "swiss"]
[EventRounds "9"]
[EventCountry "RUS"]
[SourceTitle "CBM 164 Extra"]
[Source "ChessBase"]
[SourceDate "2015.03.02"]
[SourceVersion "1"]
[SourceVersionDate "2015.03.02"]
[SourceQuality "1"]

1. d4 d5 2. Nf3 Nf6 3. c4 c6 4. e3 a6 5. Nc3 b5 6. b3 Bg4 7. Bd2 e6 8. Be2 Bd6 9. 0-0 0-0 10. Ne5 Bxe2 11. Qxe2 Nfd7 12. f4 b4 13. Na4 a5 14. Nb2 f6 15. Nf3 e5 16. cxd5 cxd5 17. Qb5 Kh8 18. Qxd5 Nb6 19. Qb5 e4 20. Ne1 Qc7 21. Rc1 Qd8 22. Nc4 Ra6 23. Nxa5 Na8 24. Nb7 Rb6 25. Nxd8 Rxb5 26. Nc6 Nb6 27. Nxb8 Rxb8 28. Rc6 Bf8 29. Nc2 Ra8 30. Ra1 Nd5 31. g4 g6 32. h4 Kg7 33. Kf2 Rb7 34. Ne1 Rba7 35. Rc2 Ra3 36. Rb2 Nc3 37. Nc2 Rxa2 38. Raxa2 Nxa2 39. Rb1 Rc8 40. Ne1 Rc7 41. Ra1 Nc3 42. Rc1 h5 43. gxh5 gxh5 44. Bxc3 bxc3 45. Nc2 Kg6 46. Rg1+ Kf5 47. d5 Bc5 48. b4 Bb6 49. b5 Ra7 50. Nb4 Ra4 51. Nc6 Ra2+ 52. Kg3 Kg6 53. f5+ Kf7 54. Kf4 Ra4 55. d6 c2 56. Rc1 Rc4 57. Nd4 Rc3 58. Kxe4 Ke8 59. Kd5 Kd7 60. Ke4 Kxd6 61. Rxc2 Bxd4 62. Rd2 Rxe3+ 63. Kxd4 Re5 64. Kc4+ Kc7 65. Rd5 Re4+ 66. Kc5 Rxh4 67. b6+ Kc8 68. Rd6 Rh1 69. Rxf6 h4 70. Rh6 h3 71. Kc6 Rc1+ 72. Kd6 Rd1+ 73. Ke6 Rb1 74. Rxh3 Rxb6+ 75. Kf7 Rd6 76. Re3 Rd1 77. f6 Kd7 78. Kf8 Rd2 79. f7 Rd1 80. Re7+ Kd8 81. Re8+ Kd7 82. Kg7 Rg1+ 83. Kh6 1-0

[Event "Saratov Regional-ch"]
[Site "Saratov"]
[Date "2014.12.08"]
[Round "3"]
[White "Khatkevich, Alexandr"]
[Black "Aseeva, Anastasia"]
[Result "0-1"]
[WhiteElo "2049"]
[BlackElo "1983"]
[PlyCount "94"]
[EventDate "2014.12.06"]
[EventType "swiss"]
[EventRounds "9"]
[EventCountry "RUS"]
[SourceTitle "CBM 164 Extra"]
[Source "ChessBase"]
[SourceDate "2015.03.02"]
[SourceVersion "1"]
[SourceVersionDate "2015.03.02"]
[SourceQuality "1"]

1. d4 Nf6 2. c4 e6 3. Nf3 Bb4+ 4. Bd2 Qe7 5. Bxb4 Qxb4+ 6. Qd2 Qxc4 7. Nc3 d5 8. e4 Qb4 9. e5 Nfd7 10. a3 Qe7 11. b4 0-0 12. Bd3 f5 13. Nb5 Na6 14. Rc1 c6 15. Nd6 Nc7 16. b5 Nxb5 17. Bxb5 cxb5 18. Rc7 Qd8 19. Qc3 Nb6 20. Nxb7 Bxb7 21. Rxb7 Rf7 22. Rxf7 Kxf7 23. 0-0 h6 24. h4 Nc4 25. Rb1 Rb8 26. h5 Qa5 27. Qxa5 Nxa5 28. Ne1 Nc6 29. Nc2 a5 30. Kf1 b4 31. axb4 axb4 32. Rb3 Ra8 33. Ke1 Ra2 34. Nxb4 Nxd4 35. Nxa2 Nxb3 36. f4 Nc5 37. Ke2 g6 38. hxg6+ Kxg6 39. Nb4 Kh5 40. Ke3 Kg4 41. Nc6 Nd7 42. Nd4 Nf8 43. Ne2 h5 44. g3 Ng6 45. Nd4 Kxg3 46. Nxe6 h4 47. Nd4 Ne7 0-1

[Event "Saratov Regional-ch (Women)"]
[Site "Saratov"]
[Date "2014.11.26"]
[Round "5"]
[White "Protopopova, Anastasiya"]
[Black "Aseeva, Anastasia"]
[Result "1-0"]
[WhiteElo "2075"]
[BlackElo "1983"]
[PlyCount "179"]
[EventDate "2014.11.22"]
[EventType "swiss"]
[EventRounds "9"]
[EventCountry "RUS"]
[SourceTitle "EXT 2016"]
[Source "ChessBase"]
[SourceDate "2015.10.08"]
[SourceVersion "1"]
[SourceVersionDate "2015.10.08"]
[SourceQuality "1"]

1. Nf3 Nf6 2. c4 c6 3. Nc3 d5 4. e3 e6 5. d4 a6 6. Bd3 Nbd7 7. 0-0 Bd6 8. e4 dxe4 9. Nxe4 Nxe4 10. Bxe4 Nf6 11. Bc2 b6 12. Re1 Qc7 13. Bg5 Be7 14. Ne5 Bb7 15. Rc1 Rd8 16. Bf4 Qc8 17. Qe2 0-0 18. Rcd1 c5 19. dxc5 Bxc5 20. Bg5 Be7 21. b3 Rxd1 22. Rxd1 Rd8 23. h3 Ba8 24. Rd3 Rxd3 25. Qxd3 Qd8 26. Nd7 Qxd7 27. Qxd7 Nxd7 28. Bxe7 f5 29. b4 Ne5 30. Bb3 Nc6 31. Bd6 Kf7 32. a3 Kf6 33. f4 h6 34. Kf2 Kf7 35. Ke3 g5 36. g3 Bb7 37. Bc7 b5 38. cxb5 axb5 39. Bc2 Ne7 40. Kd4 Bg2 41. h4 gxh4 42. gxh4 Kg6 43. Bd1 Bf1 44. h5+ Kf7 45. Bf3 Bh3 46. Be2 Bg4 47. Bxb5 Bxh5 48. a4 Bf3 49. Bf1 h5 50. b5 h4 51. b6 Ke8 52. a5 Kd7 53. Ke3 Be4 54. Be5 Kc6 55. Kd4 Nd5 56. Bb8 Kb7 57. Bd6 Kc6 58. Be5 Bf3 59. Bb8 Kb7 60. Be5 Kc6 61. Bb5+ Kb7 62. Bf1 Kc6 63. Bb5+ Kb7 64. Kc5 Nxb6 65. a6+ Ka8 66. Bd4 h3 67. Bg1 Bg2 68. Kd6 Kb8 69. Kxe6 Nc8 70. Be2 Kc7 71. Kxf5 Nd6+ 72. Kg4 Ne8 73. a7 Nf6+ 74. Kg3 Ne4+ 75. Kh2 Nc3 76. Bf1 Kb7 77. Bxg2+ hxg2 78. Kxg2 Ne2 79. f5 Nf4+ 80. Kf3 Nd5 81. Ke4 Nf6+ 82. Kf4 Nh5+ 83. Ke5 Ka8 84. Be3 Kb7 85. Bd4 Ka8 86. Kd5 Kb7 87. Be5 Ka8 88. Ke6 Kb7 89. Kf7 Kxa7 90. Kg6 1-0

[Event "Voronezh op-B 17th"]
[Site "Voronezh"]
[Date "2013.06.19"]
[Round "8"]
[White "Aseeva, Anastasia"]
[Black "Grachev, Andrey"]
[Result "1-0"]
[WhiteElo "2035"]
[BlackElo "2097"]
[PlyCount "75"]
[EventDate "2013.06.12"]
[EventType "swiss"]
[EventRounds "9"]
[EventCountry "RUS"]
[SourceTitle "EXT 2014"]
[Source "ChessBase"]
[SourceDate "2013.11.20"]
[SourceVersion "1"]
[SourceVersionDate "2013.11.20"]
[SourceQuality "1"]

1. d4 d6 2. c4 e5 3. d5 f5 4. Nc3 Nf6 5. Qc2 g6 6. Bd2 Bg7 7. 0-0-0 0-0 8. f3 c6 9. Kb1 cxd5 10. cxd5 Na6 11. e3 Bd7 12. Qb3 Nc5 13. Qa3 a6 14. Nh3 b5 15. Nf2 Qb8 16. b4 a5 17. bxc5 b4 18. Qb2 bxc3 19. Bxc3 Qa7 20. Qa3 dxc5 21. Bxe5 Ne4 22. Bxg7 Rfb8+ 23. Bb2 Nxf2 24. Bc4 Bb5 25. Bxb5 Rxb5 26. Qc3 Qb7 27. Qh8+ Kf7 28. Qxh7+ Kf8 29. Qh8+ Ke7 30. Qh4+ Kd7 31. Qxf2 Rb8 32. Rd2 c4 33. Rc1 a4 34. a3 Rb3 35. Rxc4 Rxa3 36. Rdc2 Qb3 37. e4 Qa2+ 38. Kc1 1-0

[Event "Voronezh op-B 17th"]
[Site "Voronezh"]
[Date "2013.06.17"]
[Round "6"]
[White "Aseeva, Anastasia"]
[Black "Provkin, Vladimir"]
[Result "1/2-1/2"]
[WhiteElo "2035"]
[BlackElo "2182"]
[PlyCount "112"]
[EventDate "2013.06.12"]
[EventType "swiss"]
[EventRounds "9"]
[EventCountry "RUS"]
[SourceTitle "EXT 2014"]
[Source "ChessBase"]
[SourceDate "2013.11.20"]
[SourceVersion "1"]
[SourceVersionDate "2013.11.20"]
[SourceQuality "1"]

1. d4 Nf6 2. c4 g6 3. Nc3 Bg7 4. e4 d6 5. f3 0-0 6. Be3 c5 7. Nge2 Nc6 8. d5 Ne5 9. Nc1 e6 10. Be2 exd5 11. cxd5 a6 12. a4 Bd7 13. a5 b5 14. axb6 Qxb6 15. Rb1 Bb5 16. b4 Bxe2 17. Qxe2 Nfd7 18. N1a2 Qc7 19. f4 cxb4 20. Nd1 Nc4 21. Rc1 Rac8 22. Nxb4 Nb8 23. 0-0 a5 24. Na2 Rfe8 25. e5 dxe5 26. f5 e4 27. f6 Bf8 28. Nb2 Nxe3 29. Rxc7 Rxc7 30. Re1 Nxd5 31. Qb5 Nxf6 32. Na4 Nbd7 33. Qxa5 Rc2 34. N2c3 Re5 35. Qa8 Kg7 36. Qb7 Rg5 37. g3 Ne5 38. Re2 Rxe2 39. Nxe2 Nf3+ 40. Kg2 Ne1+ 41. Kf2 Nd3+ 42. Ke3 Ra5 43. Nec3 Nc5 44. Qb4 Nxa4 45. Qxa5 Nxc3 46. Qxc3 Bb4 47. Qb2 Bc5+ 48. Ke2 h5 49. Qe5 Bg1 50. Kf1 Bb6 51. h3 Be3 52. Ke2 Bc1 53. Qc3 Bg5 54. Qe5 Bc1 55. g4 hxg4 56. hxg4 g5 1/2-1/2